Fútbol en la escuela
Gespeichert in:
| 1. Verfasser: | |
|---|---|
| Format: | Buch |
| Sprache: | Spanisch |
| Veröffentlicht: |
Buenos Aires
Kapelusz
1971
|
| Schlagworte: | |
| Tags: |
Tag hinzufügen
Keine Tags, Fügen Sie den ersten Tag hinzu!
|
MARC
| LEADER | 00000nam a2200000 a 4500 | ||
|---|---|---|---|
| 001 | UCY9412 | ||
| 003 | CL-VaPUC | ||
| 008 | 950717e19710000AG |||||||||||||||||spa|d | ||
| 082 | 0 | 4 | |a 796.334 |b BUS |2 21 |
| 100 | 0 | |a Busch, Wilhelm |e author |9 341552 | |
| 245 | 1 | 0 | |a Fútbol en la escuela |
| 300 | |a 79 p | ||
| 942 | |c BK | ||
| 945 | |d 19950717 00:00:00 |a mfernand | ||
| 260 | |a Buenos Aires |b Kapelusz |c 1971 | ||
| 650 | 0 | |a Fútbol |9 307513 | |
| 650 | 7 | |a JUEGOS DE PELOTA |2 CL-VaPUC |9 340284 | |
| 583 | |a last modification |c 19950717 00:00:00 |k Rodrigo Vera | ||
| 999 | |c 236508 |d 236506 | ||
| 952 | |0 0 |1 0 |4 0 |6 796_334000000000000_BUS_1971 |7 0 |8 P |9 244637 |a BIBEDU |b BIBEDU |c BIBEDU_PB |d 2019-11-18 |i 1536303 |o 796.334 BUS 1971 |p 1536303 |r 2024-01-25 |w 2019-11-18 |y BK |k EDU | ||